000 00359nam a2200145Ia 4500
008 230917s9999||||xx |||||||||||||| ||und||
040 _e129464
_aMAIN
041 _aEnglish
082 _a355.4 C399M
100 _aChawla, Sumit
245 0 _aMajor defence operation
260 _aNew Delhi
_bMohit Publications
_c2010
300 _avi, 288 p.
942 _cBK
999 _c149694
_d149694